<?xml version="1.0" encoding="UTF-8"?>
<marc:record xmlns:marc="http://www.loc.gov/MARC21/slim">
   <marc:leader>00000nam a2200000 a 4500</marc:leader>
   <marc:datafield ind1="1" ind2=" " tag="100">
      <marc:subfield code="a">Steffensmeier, Alexander</marc:subfield>
      <marc:subfield code="4">aut</marc:subfield>
      <marc:subfield code="e">Verfasser/-in</marc:subfield>
   </marc:datafield>
   <marc:datafield ind1=" " ind2=" " tag="653">
      <marc:subfield code="a">Bauernhof</marc:subfield>
   </marc:datafield>
   <marc:datafield ind1=" " ind2=" " tag="653">
      <marc:subfield code="a">Kuh</marc:subfield>
   </marc:datafield>
   <marc:datafield ind1=" " ind2=" " tag="653">
      <marc:subfield code="a">Lieselotte</marc:subfield>
   </marc:datafield>
   <marc:datafield ind1="0" ind2="0" tag="245">
      <marc:subfield code="a">Lieselotte versteckt sich</marc:subfield>
   </marc:datafield>
   <marc:datafield ind1="0" ind2="0" tag="245">
      <marc:subfield code="c">Alexander Steffensmeier</marc:subfield>
   </marc:datafield>
   <marc:datafield ind1=" " ind2="1" tag="264">
      <marc:subfield code="a">Frankfurt am Main</marc:subfield>
      <marc:subfield code="b">Fischer Sauerländer</marc:subfield>
      <marc:subfield code="c">2019</marc:subfield>
   </marc:datafield>
   <marc:datafield ind1=" " ind2=" " tag="250">
      <marc:subfield code="a">2. Aufl.</marc:subfield>
   </marc:datafield>
   <marc:datafield ind1="1" ind2=" " tag="520">
      <marc:subfield code="a">Wie soll Lieselotte jemals von diesem Baum wieder herunterkommen? Eigentlich wollte sie nur mit ihren Freunden Verstecken spielen. Lieselotte hat sich auf dem Baum das allerbeste Versteck ausgesucht, so gut, dass keiner sie findet! Runterzuspringen traut sie sich nicht, also müssen die Freunde hochkommen, um ihr zu helfen. Doch als auch die es nicht mehr schaffen, vom Baum runterzuklettern, ist Rettung nur noch vom Postboten zu erwarten.

Lieselottes Bilderbuch-Abenteuer zum Vorlesen für Kinder ab 4 Jahren: kunterbunte, wimmelige Bilder und lustige Geschichten laden zum Entdecken, Zuhören und Kichern ein. Absolute Bilderbuchklassiker und Lieblingsbücher für Kindergartenkinder und große Lieselotte-Fans!</marc:subfield>
   </marc:datafield>
   <marc:datafield ind1=" " ind2=" " tag="020">
      <marc:subfield code="a">9783737355711</marc:subfield>
      <marc:subfield code="9">9783737355711</marc:subfield>
   </marc:datafield>
   <marc:datafield ind1=" " ind2=" " tag="020">
      <marc:subfield code="a">3737355711</marc:subfield>
      <marc:subfield code="9">3737355711</marc:subfield>
   </marc:datafield>
   <marc:datafield ind1=" " ind2=" " tag="300">
      <marc:subfield code="a">vorwieg. Ill.</marc:subfield>
   </marc:datafield>
</marc:record>
